Introductory AC circuit theory (Record no. 655)

MARC details
000 -LEADER
Fixed length control field 00469nam a2200181 4500
003 - CONTROL NUMBER IDENTIFIER
Control field SEACOMEC
005 - DATE AND TIME OF LATEST TRANSACTION
Control field 20240219114951.0
008 - FIXED-LENGTH DATA ELEMENTS--GENERAL INFORMATION
Fixed length control field 240219b |||||||| |||| 00| 0 eng d
020 ## - INTERNATIONAL STANDARD BOOK NUMBER / ISBN
Price Rs.189.00
040 ## - CATALOGING SOURCE
Original cataloging agency SEACOMEC
082 ## - DEWEY DECIMAL CLASSIFICATION NUMBER
Classification number 621.3192
Book Number M281
100 ## - MAIN ENTRY--PERSONAL NAME
Personal name Mann,K.
245 1# - TITLE STATEMENT
Title Introductory AC circuit theory
Statement of responsibility K.Mann,G.J.Russell
260 ## - IMPRINT
Place of publication HYderabad
Name of publisher Universities Press
Date of publication 2000
650 ## - SUBJECT ADDED ENTRY--TOPICAL TERM
Topical term Technology,Transmission
700 ## - ADDED ENTRY--PERSONAL NAME
Personal name Russell,G.J.
942 ## - ADDED ENTRY ELEMENTS (KOHA)
Koha item type Books
Holdings
Withdrawn status Lost status Source of classification Damaged status Not for loan Home library Current library Date acquired Total Checkouts Call number Accession number Date last seen Copy number Price effective from Koha item type
    Dewey Decimal Classification     SEACOM ENGINEERING COLLEGE SEACOM ENGINEERING COLLEGE 08/06/2006   621.3192 M281 02612 19/02/2024 10 19/02/2024 Books
    Dewey Decimal Classification     SEACOM ENGINEERING COLLEGE SEACOM ENGINEERING COLLEGE 08/06/2006   621.3192 M281 02613 19/02/2024 11 19/02/2024 Books
    Dewey Decimal Classification     SEACOM ENGINEERING COLLEGE SEACOM ENGINEERING COLLEGE 08/06/2006   621.3192 M281 02614 19/02/2024 12 19/02/2024 Books
    Dewey Decimal Classification     SEACOM ENGINEERING COLLEGE SEACOM ENGINEERING COLLEGE 08/06/2006   621.3192 M281 02615 19/02/2024 13 19/02/2024 Books
    Dewey Decimal Classification     SEACOM ENGINEERING COLLEGE SEACOM ENGINEERING COLLEGE 08/06/2006   621.3192 M281 02616 19/02/2024 14 19/02/2024 Books
    Dewey Decimal Classification     SEACOM ENGINEERING COLLEGE SEACOM ENGINEERING COLLEGE 08/06/2006   621.3192 M281 02617 19/02/2024 15 19/02/2024 Books
    Dewey Decimal Classification     SEACOM ENGINEERING COLLEGE SEACOM ENGINEERING COLLEGE 08/06/2006   621.3192 M281 02618 19/02/2024 16 19/02/2024 Books
    Dewey Decimal Classification     SEACOM ENGINEERING COLLEGE SEACOM ENGINEERING COLLEGE 08/06/2006   621.3192 M281 02619 19/02/2024 17 19/02/2024 Books
    Dewey Decimal Classification     SEACOM ENGINEERING COLLEGE SEACOM ENGINEERING COLLEGE 08/06/2006   621.3192 M281 02620 19/02/2024 18 19/02/2024 Books
    Dewey Decimal Classification     SEACOM ENGINEERING COLLEGE SEACOM ENGINEERING COLLEGE 08/06/2006   621.3192 M281 02621 19/02/2024 19 19/02/2024 Books
© Seacom Engineering College, All rights reserved.      Powered by Koha